The teacher's idea catalog : (Record no. 50077)
[ view plain ]
| 000 -LEADER | |
|---|---|
| fixed length control field | 00850nam a2200253 a 4500 |
| 001 - CONTROL NUMBER | |
| control field | 50077 |
| 003 - CONTROL NUMBER IDENTIFIER | |
| rucl marc code | BD-RjUL |
| 005 - DATE AND TIME OF LATEST TRANSACTION | |
| control field | 20211209075444.0 |
| 008 - FIXED-LENGTH DATA ELEMENTS--GENERAL INFORMATION | |
| fixed length control field | 160823s1982 ii ||||| b||| 00| 0 eng d |
| 020 ## - INTERNATIONAL STANDARD BOOK NUMBER | |
| International Standard Book Number | 0138885117 |
| International Standard Book Number | 0138885036 (PBK) |
| 035 ## - SYSTEM CONTROL NUMBER | |
| System control number | (BD-RjUL)50197 |
| 040 ## - CATALOGING SOURCE | |
| Original cataloging agency | BD-RjUL |
| Language of cataloging | eng |
| Transcribing agency | BD-RjUL |
| 041 ## - LANGUAGE CODE | |
| Language code of text/sound track or separate title | eng |
| 082 ## - DEWEY DECIMAL CLASSIFICATION NUMBER | |
| Edition number | 23 |
| Classification number | 372.13078 |
| Author mark and year | BAT 1982 |
| 100 1# - MAIN ENTRY--PERSONAL NAME | |
| Personal name | Basile, Leonard J |
| 9 (RLIN) | 150095 |
| 245 10 - TITLE STATEMENT | |
| Title | The teacher's idea catalog : |
| Remainder of title | how to create learning materials for young children / |
| Statement of responsibility, etc. | Leonard J Basile; Anne S Cernak |
| 260 ## - PUBLICATION, DISTRIBUTION, ETC. (IMPRINT) | |
| Place of publication, distribution, etc. | Englewood Cliffs, N.J. : |
| Name of publisher, distributor, etc. | Prentice-Hall, |
| Date of publication, distribution, etc. | ©1982. |
| 300 ## - PHYSICAL DESCRIPTION | |
| Pagination | xiii, 161 p. : |
| Illustrations | ill. ; |
| Size | 24 cm. |
| 504 ## - BIBLIOGRAPHY, ETC. NOTE | |
| Bibliography, etc | Include Bibliography |
| 650 ## - SUBJECT ADDED ENTRY--TOPICAL TERM | |
| Topical term or geographic name as entry element | Teaching |
| Form subdivision | Aids and devices |
| General subdivision | Design and construction. |
| 9 (RLIN) | 150096 |
| 700 ## - ADDED ENTRY--PERSONAL NAME | |
| Personal name | Cernak, Anne S., Jiont author |
| 942 ## - ADDED ENTRY ELEMENTS (KOHA) | |
| Source of classification or shelving scheme | Dewey Decimal Classification |
| Koha item type | Books |
| Lost status | Source of classification or shelving scheme | Damaged status | Not for loan | Collection code | Permanent Location | Current Location | Shelving location | Date acquired | Source of acquisition | Total Checkouts | Full call number | Date last seen | Copy number | Koha item type |
|---|---|---|---|---|---|---|---|---|---|---|---|---|---|---|
| Dewey Decimal Classification | Non-fiction | Central Library, University of Rajshahi | Central Library, University of Rajshahi | 29/06/1985 | Asia foundation | 372.13078 BAT 1982 | 23/08/2016 | C-2 | Books | |||||
| Dewey Decimal Classification | Not For Loan | Non-fiction | Central Library, University of Rajshahi | Central Library, University of Rajshahi | Reading Room | 29/06/1985 | Asia Foundation | 372.13078 BAT 1982 | 02/01/2017 | C-1 | Books |